|
|
|
|
| LEADER |
00000nam a2200000 a 4500 |
| 001 |
vtls001484803 |
| 003 |
SK-MaSNL |
| 005 |
20260301122319.0 |
| 008 |
130607s2004 xo 0 und |
| 035 |
|
|
|a SNK000440097
|
| 040 |
|
|
|a SNK
|b slo
|c SNK
|e AACR2
|
| 044 |
|
|
|a xo
|c SK
|
| 245 |
1 |
|
|a STN EN 374-3 Ochranné rukavice proti chemikáliám a mikroorganizmom
|n Časť 3:
|p Stanovenie odolnosti proti permeácii chemikálií
|
| 250 |
|
|
|a [1.vyd.]
|
| 260 |
|
|
|a Bratislava
|b Slovenský ústav technickej normalizácie
|c 2004
|
| 500 |
|
|
|a Táto norma nahrádza anglickú verziu STN EN 374-3 z apríla 2004 v celom rozsahu
|
| 655 |
|
7 |
|a normy
|2 SNK
|9 70643
|
| 999 |
|
|
|c 732452
|d 734382
|
| 952 |
|
|
|t P60, <03>, [BOOK], {603}
|a SNK
|b SNK
|y PREZ
|7 0
|p 17A0449194
|o snkSTN EN 374-3
|i snkN 4626/2004
|0 0
|1 0
|4 0
|d 2004-11-04
|l 0
|r 2005-01-02 00:00:00
|w 2026-02-23
|
| 952 |
|
|
|t P66, <07>, [BOOK], {667}
|a SNK
|b SNK
|y PREZ
|7 0
|p 17A0449195
|o snkSTN EN 374-3 D1
|i snkN 4627/2004
|0 0
|1 0
|4 0
|d 2004-11-04
|l 0
|r 2005-01-02 00:00:00
|w 2026-02-23
|